000 00926cam a2200253 4500
001 WB3645-22
008 000000n2000 000 0 eng u
035 _a(Sirsi) u109342
245 _aLease lengths fall 2.7 years
260 _c2000
490 _aEstates Gazette
_v(0045) 11 November 2000, 38(1)
520 _aBPF/IPD tenant survey of 85,000 tenancies, reveals shorter leases are being signed across all sectors. The average lease length fell to 15.7 years in 1999-2000, 2.7 years shorter than in 1990-98. The office sector has seen the greatest reduction in lease duration, since 1990-92, by more than 8 years to 12.4 years.
590 _aWB
650 _aLEASE LENGTH
650 _aBPF
650 _aIPD
650 _aCOMMERCIAL LEASES
650 _aSURVEYS
650 _aOFFICE SECTOR
650 _aRETAIL SECTOR
650 _aINDUSTRIAL SECTOR
690 _aLANDLORD AND TENANT-LEASES
942 _n0
999 _c65266
_d65266